000 00831cam a2200301 4500500
005 20260329004709.0
041 _afre
042 _adc
100 1 0 _aSorente, Isabelle
_eauthor
245 0 0 _aEnquête sur la fusion du travail et de la vie
260 _c2020.
500 _a72
690 _aFatigue
690 _aHabitat
690 _ainnovation
690 _aJulia de Funès
690 _aLogement
690 _aœuvre
690 _aPascal Chabot
690 _aPierre-Michel Menger
690 _aQuotidien
690 _aTélétravail
690 _aTemps
690 _aTravail
690 _aYves Citton
786 0 _nPhilosophie magazine | 144 | 11 | 2020-11-01 | p. 32-32 | 1951-1787
856 4 1 _uhttps://shs.cairn.info/magazine-philosophie-magazine-2020-11-page-32?lang=fr&redirect-ssocas=7080
999 _c1836370
_d1836370